Statistics for Гербовете на държавите в Северна Америка

Click here to take the quiz!

General Stats

  • This quiz has been taken 25 times
  • The average score is 11 of 23

Answer Stats

Answer% Correct
САЩ
100%
Доминиканска република
92%
Канада
85%
Никарагуа
85%
Мексико
85%
Коста Рика
77%
Салвадор
62%
Белиз
54%
Панама
54%
Ямайка
54%
Хондурас
46%
Хаити
46%
Антигуа и Барбуда
38%
Гватемала
38%
Доминика
31%
Сейнт Лусия
31%
Бахами
23%
Куба
23%
Тринидад и Тобаго
23%
Сейнт Китс и Невис
23%
Барбадос
23%
Гренада
23%
Сейнт Винсънт и Гренадини
15%

Score Distribution

Percentile by Number Answered

Percent of People with Each Score

Your Score History

You have not taken this quiz